<?xml version="1.0" encoding="UTF-8"?>
<record
    xmlns:xsi="http://www.w3.org/2001/XMLSchema-instance"
    xsi:schemaLocation="http://www.loc.gov/MARC21/slim http://www.loc.gov/standards/marcxml/schema/MARC21slim.xsd"
    xmlns="http://www.loc.gov/MARC21/slim">

  <leader>00884nam a2200217 a 4500</leader>
  <datafield tag="999" ind1=" " ind2=" ">
    <subfield code="c">20309</subfield>
    <subfield code="d">20309</subfield>
  </datafield>
  <controlfield tag="005">20180824102159.0</controlfield>
  <controlfield tag="008">180824s2018    ck a||||r|||| 00| 0 spa d</controlfield>
  <datafield tag="020" ind1=" " ind2=" ">
    <subfield code="a">9789585851924</subfield>
  </datafield>
  <datafield tag="040" ind1=" " ind2=" ">
    <subfield code="a">CO-BoIAVH </subfield>
    <subfield code="c">CO-BoIAVH </subfield>
  </datafield>
  <datafield tag="041" ind1="0" ind2=" ">
    <subfield code="a">spa</subfield>
  </datafield>
  <datafield tag="044" ind1=" " ind2=" ">
    <subfield code="a">ck</subfield>
  </datafield>
  <datafield tag="090" ind1=" " ind2=" ">
    <subfield code="a">I-UAND-</subfield>
    <subfield code="b">01</subfield>
  </datafield>
  <datafield tag="100" ind1="1" ind2=" ">
    <subfield code="a">Buitrago, Zoraya</subfield>
    <subfield code="e">autora</subfield>
  </datafield>
  <datafield tag="245" ind1=" " ind2=" ">
    <subfield code="a">Secretos de un gigante : </subfield>
    <subfield code="b">Aprendamos acerca de los chig&#xFC;iros / </subfield>
    <subfield code="c">Zoraya Buitrago, Santiago Herrera Alvarez y Andrew J. Crawford</subfield>
  </datafield>
  <datafield tag="260" ind1=" " ind2=" ">
    <subfield code="a">Bogot&#xE1; (Colombia) : </subfield>
    <subfield code="b">Universidad de los Andes : </subfield>
    <subfield code="b">Colciencias : </subfield>
    <subfield code="b">Selva : </subfield>
    <subfield code="b">Ficciones Sanadoras : </subfield>
    <subfield code="c">2018.</subfield>
  </datafield>
  <datafield tag="300" ind1=" " ind2=" ">
    <subfield code="a">12 p&#xE1;ginas sin numerar : </subfield>
    <subfield code="b">ilustraciones a color ; </subfield>
    <subfield code="c">10 x 21 cm.</subfield>
  </datafield>
  <datafield tag="650" ind1="2" ind2="4">
    <subfield code="a">Chig&#xFC;iros</subfield>
    <subfield code="v">Literatura juvenil</subfield>
    <subfield code="x">H&#xE1;bitos y conducta</subfield>
  </datafield>
  <datafield tag="700" ind1="1" ind2=" ">
    <subfield code="a">Herrera Alvarez, Santiago</subfield>
    <subfield code="e">autor</subfield>
  </datafield>
  <datafield tag="710" ind1="1" ind2=" ">
    <subfield code="a">Crawford, Andrew J.</subfield>
    <subfield code="b">autor</subfield>
  </datafield>
  <datafield tag="942" ind1=" " ind2=" ">
    <subfield code="2">z</subfield>
    <subfield code="c">Folleto</subfield>
  </datafield>
</record>
